Art Quiz #2 - Statistiques

Statistiques générales
  • Ce quiz a été pris 45 fois
  • Le résultat moyen est 5 sur 15
Statistiques - réponses
Par images Réponse % Correct
La Liberté guidant le peuple - Eugène Delacroix
97%
La Naissance de Vénus - Sandro Botticelli
80%
Le Sacre de Napoléon - Jacques-Louis David
63%
Le Déjeuner sur l'herbe - Édouard Manet
54%
Les Nymphéas - Claude Monet
37%
American Gothic - Grant Wood
31%
Les Noces de Cana - Paul Véronèse
20%
Le Tricheur à l'as de carreau - Georges de La Tour
20%
Judith décapitant Holopherne - Le Caravage
14%
Le Déjeuner des canotiers - Auguste Renoir
14%
Les Éléphants - Salvador Dalí
9%
La Classe de danse - Edgar Degas
6%
L'Aurore et Céphale - Pierre-Narcisse Guérin
3%
Le Christ dans la tempête sur la mer de Galilée - Rembrandt
3%
Le Vol des Sorcières - Fransisco de Goya
3%
Aucun quiz correspondant
Distribution des résultats
% des personnes avec chaque résultat
Percentile par nombre de réponses
Votre historique - résultats
Vous n’avez pas pris ce quiz